00693nam a2200265Ia 4500008004000000020001800040041000800058082001700066100001800083245010600101260006000207300001000267650001000277650000800287650001400295650001600309650001700325650000700342650001600349650000800365650001300373650001400386650000800400650001900408210210b2008 xxu||||| |||| 00| 0 eng d a9788120335530 aeng a658.023 KAEB aKAEN (Fred R) aBlueprint for coporate governance: strategy, accountability and the preservation of shareholder value aNew DelhibPrentice-Hall of India Private Limitedc2008 ax,228 avalue athe astrategy, ashareholder apreservation aof agovernance: afor acoporate aBlueprint aand aaccountability